000 00325 a2200109 4500
001 ART_51336
005 20260410161649.0
008 260409a
245 1 0 _aSeñas o anticipos que congelan precios
100 1 _aBechara, Fabián
773 0 _tConsultor tributario
_g- Año 14, N° 163 (sep. 2020)
_wREV474
999 _c14068
_d14068